| 000 | 01329nam a2200241Ia 4500 | ||
|---|---|---|---|
| 003 | Ost | ||
| 005 | 20260507075413.0 | ||
| 008 | 260507s9999||||xx |||||||||||||| ||und|| | ||
| 020 | _a26273299579 | ||
| 040 | _cfsecg | ||
| 041 | _aara | ||
| 082 | _a330 | ||
| 100 |
_aالحريري، محمد سرور _eمؤلف |
||
| 245 | 0 |
_aإدارة الموارد البشرية / _c محمد سرور الحريري |
|
| 260 |
_aعمان: _bدار الحامد للنشر والتوزيع, _c2012 |
||
| 300 |
_a194 صفحة؛ _bإيضاحات ؛ _c24 سم |
||
| 504 | _aمراجع ص.189 | ||
| 520 | _aمدخل استراتيجي الى ادارة الموارد البشرية،التخطيط الاداري في ادارة الموارد البشرية الحديثة- الاستراتيجيات المتعلقة بمصادر الاعلان عن الوظائف- استراتيجيات التعيين والتوظيف في ادارة الموارد البشرية الحديثة، طرق واستراتيجيات التكييف الداخلي والخارجي للموظفين ،طرق واستراتيجيات تدريب الموظفين والاداريين | ||
| 653 | _aإدارة الأفراد | ||
| 653 | _aإدارة القوى العاملة | ||
| 653 | _aإدارة الموارد البشرية | ||
| 942 | _cكتاب | ||
| 999 |
_c44431 _d44431 |
||